000 00374nam a2200181Ia 4500
100 _aDubey/N.H
650 _aEngineering Drawing
250 _a13
942 _cBK
366 _f10
654 _adrawing
245 _aEngineering Drawing
260 _bNandu Book House
_c2013
082 _a604.2
_bDUB
300 _a571
546 _aENGLISH
_cInfo.Tech
999 _c29527
_d29527